[Event "CHN-chT Div A KO"]
[Site "Liaocheng"]
[Date "2023.02.08"]
[Round "3.3"]
[White "Qiu, Mengjie"]
[Black "Yuan, Ye"]
[Result "1/2-1/2"]
[WhiteElo "2186"]
[BlackElo "2088"]
[PlyCount "129"]
[EventDate "2023.02.06"]
[EventType "team-k.o."]
[EventRounds "6"]
[EventCountry "CHN"]
[SourceTitle "CBM 212 Extra"]
[Source "ChessBase"]
[SourceDate "2023.03.31"]
[SourceVersion "1"]
[SourceVersionDate "2023.03.31"]
[SourceQuality "1"]
[WhiteTeam "Zhejiang"]
[BlackTeam "Jiangsu"]
[WhiteTeamCountry "CHN"]
[BlackTeamCountry "CHN"]

1. e4 e5 2. Nf3 Nf6 3. Nxe5 d6 4. Nf3 Nxe4 5. d3 Nf6 6. d4 d5 7. Bd3 Bd6 8. Qe2+ Qe7 9. Qxe7+ Kxe7 10. 0-0 Re8 11. Re1+ Kf8 12. Rxe8+ Kxe8 13. Ne5 Nbd7 14. f4 Ne4 15. c4 c6 16. cxd5 cxd5 17. Nc3 Nxc3 18. bxc3 g6 19. c4 dxc4 20. Nxc4 Be7 21. Bd2 Nf6 22. Na5 b6 23. Nc6 Bd6 24. Re1+ Kf8 25. Bc4 Bb7 26. Ne5 Nd5 27. f5 Kg7 28. Bh6+ Kg8 29. Ng4 Kh8 30. f6 Bf8 31. Bxf8 Rxf8 32. Re5 h5 33. Bxd5 Bxd5 34. Rxd5 hxg4 35. Rd7 Kg8 36. d5 g5 37. Kf2 Kh7 38. Rxa7 Kg6 39. Rb7 Kxf6 40. Rxb6+ Ke5 41. Rb5 f5 42. a4 Rd8 43. d6+ Ke6 44. Ke3 Rxd6 45. a5 Rd1 46. Rb8 Ra1 47. Ra8 Kd5 48. a6 f4+ 49. Ke2 Ra2+ 50. Kd3 Ra3+ 51. Kd2 Ra2+ 52. Kc3 f3 53. g3 f2 54. Rf8 Ra3+ 55. Kd2 Rxa6 56. Ke3 Ra2 57. Rxf2 Rxf2 58. Kxf2 Kd4 59. Ke2 Ke4 60. Kf2 Kd3 61. Kf1 Ke3 62. Ke1 Kf3 63. Kf1 Ke3 64. Ke1 Kf3 65. Kf1 1/2-1/2

[Event "CHN-chT Div-A Rapid"]
[Site "Fuling"]
[Date "2022.09.18"]
[Round "10.2"]
[White "Qiu, Mengjie"]
[Black "Gu, Xiaobing"]
[Result "0-1"]
[WhiteElo "2149"]
[BlackElo "2219"]
[PlyCount "126"]
[EventDate "2022.09.06"]
[EventType "team-tourn (rapid)"]
[EventRounds "11"]
[EventCountry "CHN"]
[SourceTitle "CBM 210 Extra"]
[Source "ChessBase"]
[SourceDate "2022.11.30"]
[SourceVersion "1"]
[SourceVersionDate "2022.11.30"]
[SourceQuality "1"]
[WhiteTeam "Zhejiang"]
[BlackTeam "Shandong"]
[WhiteTeamCountry "CHN"]
[BlackTeamCountry "CHN"]

1. e4 c5 2. Nf3 d6 3. Bb5+ Nd7 4. 0-0 a6 5. Bxd7+ Bxd7 6. c3 Nf6 7. Re1 Bg4 8. d4 e6 9. Nbd2 Be7 10. h3 Bh5 11. Nf1 cxd4 12. cxd4 0-0 13. Ng3 Bg6 14. Bg5 h6 15. Bxf6 Bxf6 16. e5 Be7 17. exd6 Qxd6 18. Ne5 Bh7 19. Qg4 f5 20. Qe2 Rae8 21. Nc4 Qd5 22. Qxe6+ Qxe6 23. Rxe6 Bf6 24. Rxe8 Rxe8 25. Rd1 f4 26. Nh5 Bg5 27. h4 Bxh4 28. Nxf4 Bg5 29. Nd3 Rd8 30. Nc5 Bc2 31. Re1 Rxd4 32. Na3 Bg6 33. Re6 Bf7 34. Rb6 Rd1+ 35. Kh2 Bd5 36. Kg3 Bd8 37. Rg6 Bc7+ 38. f4 Kh7 39. Rg4 g5 40. Kf2 Bxf4 41. Ke2 Rh1 42. Nd3 Be6 43. Rxf4 gxf4 44. Nxf4 Bxa2 45. Kd2 Rh4 46. g3 Rg4 47. Ne2 Kg6 48. Kc3 Be6 49. Nc2 Bd7 50. Ncd4 Re4 51. Kd3 Re8 52. Nf4+ Kg5 53. Nd5 Bf5+ 54. Kc3 Rc8+ 55. Kb4 Bh3 56. Ne3 Re8 57. Ndc2 Bf5 58. Ka5 Bxc2 59. Nxc2 Re5+ 60. Kb4 Kg4 61. Kc3 Kxg3 62. Kd4 Re2 63. Kd3 Rxc2 0-1

[Event "Tianjin Binhai Cup 2nd"]
[Site "Tianjin"]
[Date "2020.01.18"]
[Round "9"]
[White "Munguntuul, Batkhuyag"]
[Black "Qiu, Mengjie"]
[Result "1-0"]
[WhiteElo "2430"]
[BlackElo "2167"]
[PlyCount "61"]
[EventDate "2020.01.13"]
[EventType "swiss"]
[EventRounds "9"]
[EventCountry "CHN"]
[SourceTitle "CBM 194 Extra"]
[Source "ChessBase"]
[SourceDate "2020.03.31"]
[SourceVersion "1"]
[SourceVersionDate "2020.03.31"]
[SourceQuality "1"]

1. e4 c6 2. Nc3 d5 3. Nf3 Nf6 4. e5 Ne4 5. Ne2 Qb6 6. d4 e6 7. Ng3 c5 8. Bd3 Nxg3 9. fxg3 Nc6 10. 0-0 Be7 11. Kh1 h6 12. dxc5 Qxc5 13. a3 Bd7 14. b4 Qb6 15. g4 0-0-0 16. Qe1 f6 17. Bf4 g5 18. Bg3 h5 19. b5 hxg4 20. bxc6 gxf3 21. cxd7+ Rxd7 22. Rxf3 f5 23. Rb1 Qd8 24. Ba6 bxa6 25. Rfb3 Qc7 26. Qe2 Bf8 27. Qxa6+ Kd8 28. Qxe6 Rh6 29. Rb8+ Qxb8 30. Rxb8+ Kc7 31. Qe8 1-0

[Event "Tianjin Binhai Cup 2nd"]
[Site "Tianjin"]
[Date "2020.01.15"]
[Round "4"]
[White "Qiu, Mengjie"]
[Black "Dai, Changren"]
[Result "0-1"]
[WhiteElo "2167"]
[BlackElo "2506"]
[PlyCount "86"]
[EventDate "2020.01.13"]
[EventType "swiss"]
[EventRounds "9"]
[EventCountry "CHN"]
[SourceTitle "CBM 194 Extra"]
[Source "ChessBase"]
[SourceDate "2020.03.31"]
[SourceVersion "1"]
[SourceVersionDate "2020.03.31"]
[SourceQuality "1"]

1. e4 c5 2. Nf3 Nc6 3. Bb5 g6 4. 0-0 Bg7 5. Nc3 e5 6. a3 Nge7 7. d3 0-0 8. Be3 d6 9. Bc4 Nd4 10. Nd5 Be6 11. Bg5 Bxd5 12. Bxd5 Ne6 13. Bxe6 fxe6 14. Qd2 Qd7 15. h3 Nc6 16. c3 Nd8 17. Nh2 Nf7 18. Be3 Rac8 19. f4 b6 20. Rf2 d5 21. Qe2 d4 22. Bd2 dxc3 23. Bxc3 exf4 24. e5 Nh6 25. Rd1 Qd5 26. d4 Rcd8 27. Rd2 Nf5 28. Nf3 c4 29. Ng5 Bh6 30. Qg4 Bxg5 31. Qxg5 Ng3 32. Bb4 Ne4 33. Qh4 Rf5 34. Rfe2 Nxd2 35. Rxd2 Rd7 36. Bd6 Rdf7 37. Kh2 f3 38. Rf2 fxg2 39. Rxg2 Qf3 40. Qd8+ Kg7 41. Qe8 Qf4+ 42. Kh1 Qc1+ 43. Kh2 Rf1 0-1

[Event "Tianjin Binhai Cup 2nd"]
[Site "Tianjin"]
[Date "2020.01.14"]
[Round "3"]
[White "Wang, Shixu B"]
[Black "Qiu, Mengjie"]
[Result "1/2-1/2"]
[WhiteElo "2469"]
[BlackElo "2167"]
[PlyCount "111"]
[EventDate "2020.01.13"]
[EventType "swiss"]
[EventRounds "9"]
[EventCountry "CHN"]
[SourceTitle "CBM 194 Extra"]
[Source "ChessBase"]
[SourceDate "2020.03.31"]
[SourceVersion "1"]
[SourceVersionDate "2020.03.31"]
[SourceQuality "1"]

1. d4 Nf6 2. c4 e6 3. Nc3 Bb4 4. e3 0-0 5. Bd3 d5 6. Nf3 b6 7. 0-0 Bb7 8. cxd5 exd5 9. Ne5 Nbd7 10. f4 c5 11. Bd2 a6 12. Be1 Ne4 13. Bc2 Bxc3 14. bxc3 Rc8 15. Rc1 f6 16. Nd3 Qe7 17. Rf3 cxd4 18. cxd4 Nc3 19. Bxc3 Rxc3 20. Bb3 Rxc1 21. Qxc1 Rc8 22. Qd2 f5 23. Rf1 Nf6 24. Rc1 Qe8 25. Ne5 Rxc1+ 26. Qxc1 Qc8 27. Qb2 g6 28. h3 Ne4 29. g4 Qc3 30. Qxc3 Nxc3 31. a4 a5 32. gxf5 gxf5 33. Nd7 b5 34. axb5 Nxb5 35. Nc5 Bc6 36. Ba4 Na7 37. Bc2 Nc8 38. Bxf5 Nb6 39. Bb1 Bb5 40. e4 dxe4 41. Nxe4 a4 42. Nc3 Bc4 43. Kf2 a3 44. Ba2 Kg7 45. Bxc4 Nxc4 46. Kf3 Kf6 47. Ke4 h5 48. Kd5 Ne3+ 49. Ke4 Nd1 50. Nd5+ Ke6 51. f5+ Kf7 52. Nb4 Nc3+ 53. Ke5 a2 54. Nxa2 Nxa2 55. f6 Nb4 56. d5 1/2-1/2

[Event "Tianjin Binhai Cup 2nd"]
[Site "Tianjin"]
[Date "2020.01.13"]
[Round "1"]
[White "Zhu, Chenxi"]
[Black "Qiu, Mengjie"]
[Result "1/2-1/2"]
[WhiteElo "1286"]
[BlackElo "2167"]
[PlyCount "76"]
[EventDate "2020.01.13"]
[EventType "swiss"]
[EventRounds "9"]
[EventCountry "CHN"]
[SourceTitle "CBM 194 Extra"]
[Source "ChessBase"]
[SourceDate "2020.03.31"]
[SourceVersion "1"]
[SourceVersionDate "2020.03.31"]
[SourceQuality "1"]

1. e4 c6 2. d4 d5 3. Nc3 dxe4 4. Nxe4 Bf5 5. Ng3 Bg6 6. h4 h6 7. Nf3 e6 8. h5 Bh7 9. Bd3 Bxd3 10. Qxd3 Nf6 11. Bd2 c5 12. Bc3 Nc6 13. 0-0-0 Be7 14. Qb5 Qb6 15. Qc4 0-0 16. dxc5 Qxc5 17. Qxc5 Bxc5 18. Bxf6 gxf6 19. Ne4 Be7 20. Rd7 f5 21. Nc3 b6 22. Rhd1 Bc5 23. R1d2 Rfd8 24. Nd1 Kg7 25. c3 a5 26. Ne5 Rxd7 27. Nxd7 Be7 28. Nxb6 Ra6 29. Nc4 Bg5 30. Nde3 f4 31. Nd1 f3 32. Nde3 fxg2 33. Rd1 Kf6 34. Kc2 Bxe3 35. Nxe3 Kg5 36. Nxg2 Kxh5 37. Kb3 Rb6+ 38. Ka3 Ne5 1/2-1/2

[Event "Belt and Road Hunan op-B"]
[Site "Changsha"]
[Date "2019.08.01"]
[Round "6"]
[White "Qiu, Mengjie"]
[Black "Wang, Zideng"]
[Result "1/2-1/2"]
[WhiteElo "2188"]
[BlackElo "2018"]
[PlyCount "102"]
[EventDate "2019.07.29"]
[EventType "swiss"]
[EventRounds "9"]
[EventCountry "CHN"]
[SourceTitle "EXT 2020"]
[Source "ChessBase"]
[SourceDate "2019.10.17"]
[SourceVersion "1"]
[SourceVersionDate "2019.10.17"]
[SourceQuality "1"]

1. e4 c5 2. Nf3 e6 3. d4 cxd4 4. Nxd4 Nc6 5. Nc3 Qc7 6. Be3 a6 7. Be2 b5 8. Nxc6 dxc6 9. f4 Bb7 10. Bf3 Be7 11. 0-0 c5 12. e5 Nh6 13. g4 c4 14. Ne4 Rd8 15. Qe2 0-0 16. Bf2 Kh8 17. Rad1 Ng8 18. Qe3 Bd5 19. Rd2 f6 20. exf6 Nxf6 21. Nxf6 Rxf6 22. Bxd5 exd5 23. Qa7 Qxa7 24. Bxa7 Rg6 25. h3 Rd7 26. f5 Rh6 27. Bf2 Rxh3 28. Rfd1 c3 29. bxc3 Rxc3 30. Rxd5 Rxd5 31. Rxd5 Rxc2 32. Re5 Rc7 33. Re6 h6 34. Kg2 a5 35. Bb6 Rc2+ 36. Kf3 Bf6 37. Bxa5 Rxa2 38. Bd8 Ra3+ 39. Kg2 Ra2+ 40. Kf3 Ra3+ 41. Kg2 Bxd8 42. Re8+ Kh7 43. Rxd8 Rb3 44. Rb8 b4 45. Kf2 Rb1 46. Kg2 b3 47. Kf2 b2 48. Kg2 h5 49. g5 h4 50. Rb3 Kg8 51. Rb8+ Kh7 1/2-1/2

[Event "CHN-chT (Women)"]
[Site "Daqing"]
[Date "2019.06.20"]
[Round "2.6"]
[White "Qiu, Mengjie"]
[Black "Hu, Yue"]
[Result "1-0"]
[WhiteElo "2199"]
[BlackElo "2034"]
[PlyCount "83"]
[EventDate "2019.06.19"]
[EventType "team-swiss"]
[EventRounds "9"]
[EventCountry "CHN"]
[SourceTitle "CBM 191 Extra"]
[Source "ChessBase"]
[SourceDate "2019.09.30"]
[SourceVersion "1"]
[SourceVersionDate "2019.09.30"]
[SourceQuality "1"]
[WhiteTeam "Zhejiang (W)"]
[BlackTeam "Wuxi (W)"]
[WhiteTeamCountry "CHN"]
[BlackTeamCountry "CHN"]

1. e4 c5 2. Nf3 d6 3. Bb5+ Bd7 4. Bxd7+ Qxd7 5. c4 Nc6 6. Nc3 g6 7. d4 cxd4 8. Nxd4 Bg7 9. Be3 Ne5 10. b3 h5 11. h3 Nf6 12. Rc1 Bh6 13. Bxh6 Rxh6 14. f4 Nc6 15. 0-0 Qd8 16. Nxc6 bxc6 17. Qf3 Qb6+ 18. Rf2 0-0-0 19. c5 dxc5 20. Na4 Qb4 21. Nxc5 Rd2 22. Rc4 Qa5 23. Nd3 Rxf2 24. Qxf2 Qb6 25. Ne5 Qxf2+ 26. Kxf2 Kb7 27. Nxf7 Rh7 28. Nd8+ Kc7 29. Nxc6 Nxe4+ 30. Rxe4 Kxc6 31. Re6+ Kb5 32. Rxg6 a5 33. a3 Rh8 34. Rg5+ Kb6 35. Re5 Rf8 36. g3 Rc8 37. Rxe7 Rc2+ 38. Re2 Rc3 39. Re3 Rc2+ 40. Kf3 Ra2 41. a4 Rb2 42. f5 1-0

[Event "CHN-ch (Women)"]
[Site "Hangzhou"]
[Date "2019.05.20"]
[Round "9"]
[White "Qiu, Mengjie"]
[Black "Ning, Kaiyu"]
[Result "0-1"]
[WhiteElo "2219"]
[BlackElo "2256"]
[PlyCount "68"]
[EventDate "2019.05.11"]
[EventType "tourn"]
[EventRounds "11"]
[EventCountry "CHN"]
[EventCategory "3"]
[SourceTitle "CBM 190 Extra"]
[Source "ChessBase"]
[SourceDate "2019.07.15"]
[SourceVersion "1"]
[SourceVersionDate "2019.07.15"]
[SourceQuality "1"]

1. e4 e6 2. d4 d5 3. exd5 exd5 4. Nf3 Nf6 5. Bd3 Bd6 6. Qe2+ Be6 7. Ng5 Qe7 8. 0-0 0-0 9. Nxe6 fxe6 10. Re1 Nc6 11. c3 e5 12. Bg5 e4 13. Bc2 Qf7 14. Nd2 Kh8 15. Bb3 Ne7 16. c4 c6 17. cxd5 cxd5 18. Nf1 Qg6 19. Bxf6 Rxf6 20. Ne3 Qg5 21. Qg4 Qh6 22. Nf1 Raf8 23. Re2 Rf4 24. Qd7 Qf6 25. Kh1 Rxf2 26. Rxf2 Qxf2 27. Ne3 Qf4 28. Qh3 Rf6 29. Qg3 Qxg3 30. hxg3 Bxg3 31. Nxd5 Nxd5 32. Bxd5 e3 33. Bc4 Rh6+ 34. Kg1 Bf2+ 0-1

[Event "CHN-ch (Women)"]
[Site "Hangzhou"]
[Date "2019.05.18"]
[Round "7"]
[White "Ni, Shiqun"]
[Black "Qiu, Mengjie"]
[Result "0-1"]
[WhiteElo "2439"]
[BlackElo "2219"]
[PlyCount "128"]
[EventDate "2019.05.11"]
[EventType "tourn"]
[EventRounds "11"]
[EventCountry "CHN"]
[EventCategory "3"]
[SourceTitle "CBM 190 Extra"]
[Source "ChessBase"]
[SourceDate "2019.07.15"]
[SourceVersion "1"]
[SourceVersionDate "2019.07.15"]
[SourceQuality "1"]

1. e4 e5 2. Nf3 Nc6 3. Bc4 Nf6 4. Ng5 d5 5. exd5 Na5 6. Bb5+ c6 7. dxc6 bxc6 8. Bd3 Nd5 9. Nf3 Bd6 10. 0-0 0-0 11. Re1 Re8 12. Nc3 f5 13. Bf1 e4 14. Nxd5 cxd5 15. Nd4 Qh4 16. g3 Qf6 17. c3 f4 18. d3 Rf8 19. Qc2 e3 20. Bxe3 fxe3 21. Rxe3 Bg4 22. Bg2 Kh8 23. h3 Bd7 24. Rae1 Rac8 25. Ne6 Rfe8 26. Qe2 Bc6 27. b4 Nb7 28. Nd4 Rxe3 29. Qxe3 Bf8 30. Qf3 Nd8 31. Nxc6 Nxc6 32. Qxf6 gxf6 33. Bxd5 Ne5 34. d4 Nd3 35. Re6 Rxc3 36. b5 Kg7 37. a4 Nb4 38. Be4 Rc4 39. d5 Rd4 40. a5 Bc5 41. d6 Bxd6 42. b6 axb6 43. axb6 Kf7 44. Bf5 Nc6 45. b7 Nb8 46. Re2 h6 47. Kg2 Rb4 48. Be4 Nd7 49. Bd5+ Kf8 50. Re6 Rb6 51. h4 Bb8 52. Rxb6 Nxb6 53. Be4 Ke7 54. Kf3 Nc4 55. Kg4 Nd6 56. Bd5 Kf8 57. Kh5 Kg7 58. g4 Nb5 59. Be4 Nd6 60. Bd5 f5 61. gxf5 Ne8 62. Kg4 Nf6+ 63. Kf3 Nxd5 64. Ke4 Ne7 0-1

[Event "CHN-ch (Women)"]
[Site "Hangzhou"]
[Date "2019.05.16"]
[Round "6"]
[White "Qiu, Mengjie"]
[Black "Chu, Ruotong"]
[Result "1-0"]
[WhiteElo "2219"]
[BlackElo "2180"]
[PlyCount "73"]
[EventDate "2019.05.11"]
[EventType "tourn"]
[EventRounds "11"]
[EventCountry "CHN"]
[EventCategory "3"]
[SourceTitle "CBM 190 Extra"]
[Source "ChessBase"]
[SourceDate "2019.07.15"]
[SourceVersion "1"]
[SourceVersionDate "2019.07.15"]
[SourceQuality "1"]

1. e4 c5 2. Nf3 a6 3. d4 cxd4 4. Nxd4 e5 5. Nb3 Nf6 6. Bg5 Be7 7. Nc3 0-0 8. Qd2 h6 9. Bxf6 Bxf6 10. Bc4 b5 11. Bd5 Nc6 12. a4 b4 13. Nd1 Bg5 14. Qe2 a5 15. Qh5 Ra6 16. h4 Be7 17. Ne3 Nd4 18. Nxd4 exd4 19. Nf5 Bc5 20. Rh3 Kh7 21. 0-0-0 d6 22. Bxf7 d5 23. Rg3 Bxf5 24. exf5 Kh8 25. Be6 Rf6 26. Rg6 Rxg6 27. Qxg6 Ra8 28. Qg4 b3 29. cxb3 Rb8 30. Rd3 Be7 31. Qxd4 Bxh4 32. Qxd5 Qg5+ 33. Kb1 Rd8 34. Qxd8+ Qxd8 35. Rxd8+ Bxd8 36. b4 axb4 37. Kc2 1-0

[Event "CHN-ch (Women)"]
[Site "Hangzhou"]
[Date "2019.05.15"]
[Round "5"]
[White "Zhai, Mo"]
[Black "Qiu, Mengjie"]
[Result "1-0"]
[WhiteElo "2365"]
[BlackElo "2219"]
[PlyCount "37"]
[EventDate "2019.05.11"]
[EventType "tourn"]
[EventRounds "11"]
[EventCountry "CHN"]
[EventCategory "3"]
[SourceTitle "CBM 190 Extra"]
[Source "ChessBase"]
[SourceDate "2019.07.15"]
[SourceVersion "1"]
[SourceVersionDate "2019.07.15"]
[SourceQuality "1"]

1. c4 e6 2. d4 Nf6 3. Nf3 d5 4. Nc3 Bb4 5. Qa4+ Nc6 6. e3 0-0 7. Qc2 dxc4 8. Bxc4 Bd6 9. 0-0 e5 10. h3 h6 11. a3 a6 12. Rd1 exd4 13. exd4 b5 14. Ba2 Bb7 15. Bxh6 gxh6 16. Qg6+ Kh8 17. Qxh6+ Nh7 18. Ne4 Be7 19. Nf6 1-0

[Event "CHN-ch (Women)"]
[Site "Hangzhou"]
[Date "2019.05.14"]
[Round "4"]
[White "Qiu, Mengjie"]
[Black "Xiao, Yiyi"]
[Result "0-1"]
[WhiteElo "2219"]
[BlackElo "2290"]
[PlyCount "116"]
[EventDate "2019.05.11"]
[EventType "tourn"]
[EventRounds "11"]
[EventCountry "CHN"]
[EventCategory "3"]
[SourceTitle "CBM 190 Extra"]
[Source "ChessBase"]
[SourceDate "2019.07.15"]
[SourceVersion "1"]
[SourceVersionDate "2019.07.15"]
[SourceQuality "1"]

1. e4 e5 2. Nf3 Nc6 3. Nc3 Nf6 4. Bb5 Nd4 5. Nxd4 exd4 6. e5 dxc3 7. exf6 Qxf6 8. dxc3 c6 9. Bd3 d5 10. 0-0 Be6 11. Be3 Bd6 12. Qh5 g6 13. Bg5 Qxc3 14. bxc3 gxh5 15. Bf6 Rg8 16. Rab1 b6 17. Bxh7 Rg4 18. g3 Ra4 19. f4 Bh3 20. Rfe1+ Kd7 21. Rbd1 b5 22. Be5 Rxa2 23. Bxd6 Kxd6 24. Re5 f6 25. Re3 f5 26. Bg6 Rxc2 27. Bxh5 a5 28. Bf7 Kc5 29. Be8 a4 30. Re6 Ra6 31. Rh6 a3 32. Rxh3 a2 33. Rh6 Rb2 34. Re6 Rb1 35. Ree1 Rxd1 36. Rxd1 a1Q 37. Rxa1 Rxa1+ 38. Kf2 Ra2+ 39. Kg1 Kd6 40. h4 Ra8 41. Bh5 c5 42. Kf2 Ra3 43. Be2 b4 44. cxb4 cxb4 45. h5 Ke6 46. g4 fxg4 47. Bxg4+ Kf6 48. Ke1 Rc3 49. Kd2 Rc4 50. Bd1 Rxf4 51. Kc2 Rf1 52. Bg4 Ke5 53. Kb3 Rb1+ 54. Ka4 Kd4 55. Be6 Kc4 56. Ka5 b3 57. Bf5 Rh1 58. Bg6 b2 0-1

[Event "Marianske Lazne op 18th"]
[Site "Marianske Lazne"]
[Date "2019.01.26"]
[Round "9"]
[White "Qiu, Mengjie"]
[Black "Madej, Marek"]
[Result "1-0"]
[WhiteElo "2247"]
[BlackElo "1741"]
[PlyCount "49"]
[EventDate "2019.01.19"]
[EventType "swiss"]
[EventRounds "9"]
[EventCountry "CZE"]
[SourceTitle "CBM 188 Extra"]
[Source "ChessBase"]
[SourceDate "2019.02.26"]
[SourceVersion "1"]
[SourceVersionDate "2019.02.26"]
[SourceQuality "1"]

1. e4 c5 2. Nf3 e6 3. d4 cxd4 4. Nxd4 Nc6 5. Nc3 Qc7 6. Be2 a6 7. 0-0 Nf6 8. Be3 b5 9. Nxc6 dxc6 10. f4 Be7 11. e5 Nd5 12. Nxd5 cxd5 13. c3 0-0 14. Bd4 Bb7 15. Bd3 Bc5 16. g4 Rac8 17. Qe2 Rce8 18. Rf3 f6 19. Rh3 g6 20. Qe3 Bxd4 21. cxd4 fxe5 22. fxe5 Rf7 23. Bxg6 hxg6 24. Qh6 Rg7 25. Rf1 1-0

[Event "Marianske Lazne op 18th"]
[Site "Marianske Lazne"]
[Date "2019.01.22"]
[Round "4"]
[White "Shagbazyan, Taron"]
[Black "Qiu, Mengjie"]
[Result "1-0"]
[WhiteElo "2415"]
[BlackElo "2247"]
[PlyCount "137"]
[EventDate "2019.01.19"]
[EventType "swiss"]
[EventRounds "9"]
[EventCountry "CZE"]
[SourceTitle "CBM 188 Extra"]
[Source "ChessBase"]
[SourceDate "2019.02.26"]
[SourceVersion "1"]
[SourceVersionDate "2019.02.26"]
[SourceQuality "1"]

1. d4 Nf6 2. c4 e6 3. Nc3 Bb4 4. e3 0-0 5. Bd3 d5 6. Nf3 b6 7. 0-0 Bb7 8. cxd5 exd5 9. a3 Bd6 10. b4 a6 11. Qb3 Qe7 12. Rb1 Nbd7 13. a4 Rfd8 14. b5 a5 15. Ra1 Rac8 16. Ba3 Re8 17. Rfc1 Bxa3 18. Qxa3 Qxa3 19. Rxa3 c5 20. bxc6 Rxc6 21. Bb5 Rc7 22. Ne2 Rxc1+ 23. Nxc1 Rc8 24. Nd3 Kf8 25. g4 h6 26. Rb3 Bc6 27. Nfe5 Bxb5 28. Rxb5 Rc3 29. Nxd7+ Nxd7 30. Nf4 Rc4 31. Nxd5 Rxa4 32. Nxb6 Ra1+ 33. Kg2 Nf6 34. Kf3 a4 35. Nd5 Nxd5 36. Rxd5 a3 37. Ra5 Ke7 38. Ra7+ Ke6 39. Ke4 a2 40. Ra6+ Kd7 41. Ke5 Kc7 42. d5 Kb7 43. Ra3 Kc7 44. h3 g5 45. d6+ Kc6 46. Rc3+ Kb6 47. Rc2 Kb7 48. Rd2 Kc8 49. e4 Kd7 50. f3 Kd8 51. h4 gxh4 52. f4 Kd7 53. f5 h3 54. Rh2 Re1 55. Rxa2 f6+ 56. Kxf6 Rxe4 57. Ra3 h5 58. g5 Rh4 59. g6 h2 60. g7 h1Q 61. g8Q Kxd6 62. Qe6+ Kc5 63. Qe3+ Kb5 64. Qe5+ Kc4 65. Qc3+ Kd5 66. Ra5+ Ke4 67. Re5+ Kf4 68. Qe3+ Kg4 69. Qg5+ 1-0

[Event "Marianske Lazne op 18th"]
[Site "Marianske Lazne"]
[Date "2019.01.19"]
[Round "1"]
[White "Qiu, Mengjie"]
[Black "Koci, Vladimir1111"]
[Result "1-0"]
[WhiteElo "2247"]
[BlackElo "1604"]
[PlyCount "83"]
[EventDate "2019.01.19"]
[EventType "swiss"]
[EventRounds "9"]
[EventCountry "CZE"]
[SourceTitle "CBM 188 Extra"]
[Source "ChessBase"]
[SourceDate "2019.02.26"]
[SourceVersion "1"]
[SourceVersionDate "2019.02.26"]
[SourceQuality "1"]

1. e4 e6 2. d4 d5 3. exd5 exd5 4. Nf3 Bd6 5. c4 Qe7+ 6. Be3 Nf6 7. c5 Bf4 8. Qe2 Bxe3 9. Qxe3 Qxe3+ 10. fxe3 Ng4 11. Nc3 Nxe3 12. Ke2 Nxf1 13. Nxd5 Na6 14. Rhxf1 Be6 15. Ne3 Nb4 16. b3 0-0 17. Kd2 Rad8 18. Rfe1 Rd7 19. Nc4 Bf5 20. g4 Bg6 21. Nce5 Rd5 22. Rf1 Nc6 23. Nxc6 bxc6 24. Rfe1 f6 25. Re7 Rc8 26. Kc3 Kf8 27. Rae1 Be8 28. Nh4 Bd7 29. h3 Re8 30. Rxe8+ Bxe8 31. Ng2 Rd7 32. Nf4 Kf7 33. Kd3 Re7 34. Rc1 g5 35. Nh5 Ke6 36. Re1+ Kd7 37. Nxf6+ Kd8 38. Rxe7 Kxe7 39. Nxe8 Kxe8 40. Ke4 Kf7 41. Kf5 h6 42. b4 1-0

[Event "Prague op-A 18th"]
[Site "Prague"]
[Date "2019.01.18"]
[Round "9"]
[White "Qiu, Mengjie"]
[Black "Moreto Quintana, Alexandre"]
[Result "1-0"]
[WhiteElo "2247"]
[BlackElo "2101"]
[PlyCount "179"]
[EventDate "2019.01.11"]
[EventType "swiss"]
[EventRounds "9"]
[EventCountry "CZE"]
[SourceTitle "CBM 188 Extra"]
[Source "ChessBase"]
[SourceDate "2019.02.26"]
[SourceVersion "1"]
[SourceVersionDate "2019.02.26"]
[SourceQuality "1"]

1. e4 c5 2. Nf3 d6 3. Bb5+ Bd7 4. Bxd7+ Qxd7 5. c4 Nc6 6. d4 cxd4 7. Nxd4 Nf6 8. Nc3 Nxd4 9. Qxd4 g6 10. f3 Bg7 11. Be3 0-0 12. Qd3 Rfc8 13. Rc1 a6 14. 0-0 b5 15. cxb5 axb5 16. Qxb5 Qxb5 17. Nxb5 Rcb8 18. Na7 Rxb2 19. Rf2 Rxf2 20. Kxf2 e6 21. a4 d5 22. a5 dxe4 23. Rc8+ Rxc8 24. Nxc8 Nd5 25. a6 Nc7 26. a7 exf3 27. Kxf3 Na8 28. Nb6 Nc7 29. Ke4 f5+ 30. Kd3 Be5 31. h3 Kf7 32. Kc4 Bd6 33. Bc5 Bg3 34. Be3 Bd6 35. Bg5 Ke8 36. a8Q+ Nxa8 37. Nxa8 Kf7 38. Nb6 Kg7 39. Nc8 Bg3 40. Ne7 h6 41. Bd2 g5 42. Bc3+ Kf7 43. Nc6 h5 44. Kd3 Kg6 45. Ke3 Bf4+ 46. Kf3 h4 47. Ne5+ Kh5 48. Nd3 Bc7 49. Be5 Bb6 50. Bd6 Kg6 51. Ne5+ Kh5 52. Be7 Ba5 53. Ke3 Bb6+ 54. Kd3 Ba7 55. Nc6 Bf2 56. Nd4 Kg6 57. Nf3 g4 58. Ne5+ Kh5 59. Ke2 Bd4 60. Nd3 e5 61. Bf6 gxh3 62. gxh3 Bb6 63. Bxe5 Bd8 64. Nf4+ Kh6 65. Kf3 Be7 66. Nd5 Kh5 67. Bf6 Bc5 68. Nf4+ Kh6 69. Bxh4 Bb4 70. Nd5 Bd2 71. Ne7 Bc1 72. Nxf5+ Kg6 73. Kg4 Bd2 74. Bf2 Bg5 75. Bc5 Bf6 76. Be7 Bc3 77. h4 Kf7 78. Bc5 Bf6 79. h5 Bd8 80. Bd4 Ba5 81. Nd6+ Kg8 82. Ne4 Kh7 83. Kg5 Bd8+ 84. Nf6+ Kg7 85. h6+ Kf7 86. Kf5 Be7 87. Ne4 Bf8 88. h7 Bg7 89. Ng5+ Kf8 90. Ne6+ 1-0

[Event "CHN-ch blitz (Women)"]
[Site "Tianjin"]
[Date "2018.06.08"]
[Round "6"]
[White "Qiu, Mengjie"]
[Black "Ren, Xiaoyi"]
[Result "0-1"]
[WhiteElo "2242"]
[BlackElo "2266"]
[PlyCount "162"]
[EventDate "2018.06.07"]
[EventType "swiss (blitz)"]
[EventRounds "9"]
[EventCountry "CHN"]
[SourceTitle "CBM 184 Extra"]
[Source "ChessBase"]
[SourceDate "2018.06.28"]
[SourceVersion "1"]
[SourceVersionDate "2018.06.28"]
[SourceQuality "1"]

1. e4 e5 2. Nf3 d6 3. d4 exd4 4. Nxd4 Nf6 5. Nc3 Be7 6. Bc4 0-0 7. 0-0 c6 8. a4 d5 9. exd5 cxd5 10. Bd3 Nc6 11. Nf5 Bxf5 12. Bxf5 h6 13. h3 Nb4 14. Bf4 Bd6 15. Bxd6 Qxd6 16. Re1 Rfe8 17. Nb5 Qf4 18. Bd3 Rxe1+ 19. Qxe1 Nxd3 20. cxd3 Re8 21. Qd1 a6 22. Nc3 d4 23. Ne2 Qe5 24. Ng3 Nd5 25. Rc1 Nf4 26. Qf3 h5 27. Ne4 Nxd3 28. Qxd3 Qxe4 29. Qxe4 Rxe4 30. Rc8+ Kh7 31. Kf1 d3 32. Rd8 Rxa4 33. Rxd3 Rb4 34. b3 g5 35. Ke2 Kg6 36. Rf3 f6 37. Kd2 h4 38. Kc2 a5 39. Kc3 Re4 40. Kd3 Re5 41. Kd2 b5 42. Rc3 a4 43. bxa4 bxa4 44. Rc8 Rf5 45. f3 Rb5 46. Ra8 Rb2+ 47. Ke3 Rxg2 48. Rxa4 Rg3 49. Kf2 Rxh3 50. Kg2 Rg3+ 51. Kf2 f5 52. Ra6+ Kh5 53. Rf6 f4 54. Ra6 h3 55. Ra8 Rg2+ 56. Kf1 Rg3 57. Kf2 Kg6 58. Rh8 Kf5 59. Rf8+ Ke6 60. Re8+ Kf7 61. Rh8 Kg7 62. Rh5 Rg2+ 63. Kf1 Rg3 64. Kf2 Kg6 65. Rh8 Rg2+ 66. Kf1 Rh2 67. Kg1 Ra2 68. Rxh3 g4 69. fxg4 Kg5 70. Rh8 Kxg4 71. Rb8 Kg3 72. Kf1 Ra3 73. Rb7 Kf3 74. Ke1 Kg2 75. Rf7 Re3+ 76. Kd2 Re4 77. Rg7+ Kf2 78. Kd3 Re8 79. Ra7 f3 80. Ra1 Kg2 81. Kd2 f2 0-1